<?xml version="1.0" encoding="UTF-8"?>
<collection xmlns="http://www.loc.gov/MARC21/slim">
<record>
  <controlfield tag="001">129928</controlfield>
  <controlfield tag="005">20250307094029.0</controlfield>
  <datafield tag="024" ind1="8" ind2=" ">
    <subfield code="2">sideral</subfield>
    <subfield code="a">136157</subfield>
  </datafield>
  <datafield tag="037" ind1=" " ind2=" ">
    <subfield code="a">ART-2023-136157</subfield>
  </datafield>
  <datafield tag="041" ind1=" " ind2=" ">
    <subfield code="a">spa</subfield>
  </datafield>
  <datafield tag="100" ind1=" " ind2=" ">
    <subfield code="a">Fuentes Varela, Laura</subfield>
  </datafield>
  <datafield tag="245" ind1=" " ind2=" ">
    <subfield code="a">Bionanofabrication as a sustainable principle for obtaining bacterial nanocellulose</subfield>
  </datafield>
  <datafield tag="260" ind1=" " ind2=" ">
    <subfield code="c">2023</subfield>
  </datafield>
  <datafield tag="506" ind1="0" ind2=" ">
    <subfield code="a">Access copy available to the general public</subfield>
    <subfield code="f">Unrestricted</subfield>
  </datafield>
  <datafield tag="520" ind1="3" ind2=" ">
    <subfield code="a">La bionanofabricación hace referencia a la producción de nanomateriales a partir de seres vivos. Dentro de esta estrategia se encuentra la producción de nanocelulosa bacteriana (NCB), la cual se produce directamente a partir de determinadas bacterias en la nano escala. Este concepto surge como una alternativa sostenible, ya que se genera de manera aislada, pudiendo prescindir de las etapas de purificación requeridas en la obtención de la celulosa vegetal. La NCB inicialmente se produce en forma de hidrogel y después se puede secar por diversos métodos para tener un aerogel o un xerogel, contando cada poción con numerosos características beneficiosas que permiten su empleo en diversos campos, que van desde la industria alimentaria hasta la biomedicina. Debido a sus excelentes propiedades y enorme potencial, es necesario investigar nuevas metodologías y estrategias que ayuden a reducir el tiempo de producción, a la vez de que busquen la generación de NCB mejorada, abarcando nuevas características y funcionalidades.

Bionanofabrication refers to the production of nanomaterials derived from living beings. Within this strategy, bacterial nanocellulose (BCN), finds its place, which is produced by specific bacteria directly in the nanoscale. This concept emerges as a sustainable alternative, since it is generated in its pure form, being able to dispense with the purification steps typically required to obtain cellulose of vegetable origin. BNC is initially produced as a hydrogel and can be subsequently dried throygh a variety of methos to yield an aerogel or a xerogel, each having numerous beneficial characteristics that allow it to be used across diverse fields, ranging from the food industry to biomedicine. Due to its excellent properties and enormous potential, it becomes necessary to explore new methodologies and strategies that can reduce production time while aiming for improved BNC generation, encompassing new features and functionalities.</subfield>
  </datafield>
  <datafield tag="540" ind1=" " ind2=" ">
    <subfield code="9">info:eu-repo/semantics/openAccess</subfield>
    <subfield code="a">by</subfield>
    <subfield code="u">http://creativecommons.org/licenses/by/3.0/es/</subfield>
  </datafield>
  <datafield tag="655" ind1=" " ind2="4">
    <subfield code="a">info:eu-repo/semantics/article</subfield>
    <subfield code="v">info:eu-repo/semantics/publishedVersion</subfield>
  </datafield>
  <datafield tag="700" ind1=" " ind2=" ">
    <subfield code="a">Calvo Peña, Victor</subfield>
  </datafield>
  <datafield tag="700" ind1=" " ind2=" ">
    <subfield code="a">Berdejo, Daniel</subfield>
    <subfield code="u">Universidad de Zaragoza</subfield>
    <subfield code="0">(orcid)0000-0001-5053-8309</subfield>
  </datafield>
  <datafield tag="700" ind1=" " ind2=" ">
    <subfield code="a">Maser, Wolfgang F.</subfield>
  </datafield>
  <datafield tag="700" ind1=" " ind2=" ">
    <subfield code="a">González Domínguez, José Miguel</subfield>
  </datafield>
  <datafield tag="700" ind1=" " ind2=" ">
    <subfield code="a">Benito, Ana M.</subfield>
  </datafield>
  <datafield tag="710" ind1="2" ind2=" ">
    <subfield code="1">2008</subfield>
    <subfield code="2">640</subfield>
    <subfield code="a">Universidad de Zaragoza</subfield>
    <subfield code="b">Dpto. Produc.Animal Cienc.Ali.</subfield>
    <subfield code="c">Área Nutrición Bromatología</subfield>
  </datafield>
  <datafield tag="773" ind1=" " ind2=" ">
    <subfield code="g">68 (2023), 11-14</subfield>
    <subfield code="p">Bol. Grupo Español Carbón</subfield>
    <subfield code="t">Boletín del Grupo Español del Carbón</subfield>
    <subfield code="x">2172-6094</subfield>
  </datafield>
  <datafield tag="856" ind1="4" ind2=" ">
    <subfield code="s">477100</subfield>
    <subfield code="u">http://zaguan.unizar.es/record/129928/files/texto_completo.pdf</subfield>
    <subfield code="y">Versión publicada</subfield>
  </datafield>
  <datafield tag="856" ind1="4" ind2=" ">
    <subfield code="s">3816360</subfield>
    <subfield code="u">http://zaguan.unizar.es/record/129928/files/texto_completo.jpg?subformat=icon</subfield>
    <subfield code="x">icon</subfield>
    <subfield code="y">Versión publicada</subfield>
  </datafield>
  <datafield tag="856" ind1="4" ind2="1">
    <subfield code="u">https://www.gecarbon.org/boletines/articulos/BoletinGEC_068-art2.pdf</subfield>
    <subfield code="z">Texto completo de la revista</subfield>
  </datafield>
  <datafield tag="909" ind1="C" ind2="O">
    <subfield code="o">oai:zaguan.unizar.es:129928</subfield>
    <subfield code="p">articulos</subfield>
    <subfield code="p">driver</subfield>
  </datafield>
  <datafield tag="951" ind1=" " ind2=" ">
    <subfield code="a">2025-03-07-09:38:54</subfield>
  </datafield>
  <datafield tag="980" ind1=" " ind2=" ">
    <subfield code="a">ARTICLE</subfield>
  </datafield>
</record>
</collection>